| 000 | 00497nam a22001697a 4500 | ||
|---|---|---|---|
| 999 |
_c9627 _d9627 |
||
| 008 | 210916b ||||| |||| 00| 0 eng d | ||
| 040 | _aBMS College of Architecture | ||
| 100 | _aG, Madhu | ||
| 245 | _aSchool for fine arts Yelahanka | ||
| 300 | _aNo | ||
| 500 | _a1BM98AT020 | ||
| 502 |
_8B.Arch _NBMS College of Architecture, Visvesvaraya Technological University (VTU) _aProject report _d2004 |
||
| 650 | _aYelahanka | ||
| 650 | _aArts | ||
| 700 |
_aSridhar Rajan _eGuide |
||
| 942 |
_2ddc _cTHE |
||